| 000 | 00550nam a2200205Ia 4500 | ||
|---|---|---|---|
| 005 | 20140311163132.0 | ||
| 008 | 140130s9999 xx 000 0 und d | ||
| 020 | _a9780439791014 | ||
| 050 |
_aPZ 7 _b.D752Tr 2005 |
||
| 100 |
_aDowswell, Paul. _922161 |
||
| 245 |
_cPaul Dowswell. _aTrue Survival Stories / |
||
| 260 |
_bScholastic Inc., _cc2005. _aUSA : |
||
| 300 |
_a141 p. : _bill. ; _c23 cm. |
||
| 440 |
_v1 _931174 |
||
| 521 | _aG11 | ||
| 526 | _c1080 | ||
| 650 |
_aSharks _xJuvenile Literature _931211 |
||
| 942 |
_cBK _2lcc |
||
| 999 |
_c41418 _d41418 |
||